| 000 | 00570nam a22001817a 4500 | ||
|---|---|---|---|
| 999 |
_c176148 _d176148 |
||
| 005 | 20201119131740.0 | ||
| 010 | _aENG-128591 | ||
| 020 |
_a978-93-81234-85-3 _c495.00 |
||
| 035 | _aEN-112123 | ||
| 037 | _bDBAD/PUB | ||
| 082 | _a920 | ||
| 100 | _aYadav, Sanjay | ||
| 245 |
_aWomen Freedom Fighters of India/ _cSanjay Yadav |
||
| 260 |
_aDelhi _bAnkit Publications _c2019 |
||
| 270 |
_bDelhi _e110009 _mankitpublications@gmail.com _aR-69, 3rd Floor, Model Town-3, Delhi _k9891553405 |
||
| 300 |
_a163p. _c23cm(pbk) _bIll. |
||
| 942 |
_2ddc _cEN _h920 _mYAD |
||